Footballers who not played with Cristiano Ronaldo - Statistics

General Stats
  • This quiz has been taken 45 times
    15 since last reset
  • The average score is 2 of 7
Answers on the Grid
Answers color-coded by a green-red scale on the quiz's grid according to % correct below.
Gerard Piqué
Martin Ødegaard
Juan Mata
Henrikh Mkhitaryan
Bastian Schweinsteiger
Mariano Díaz
Fabio Coentrão
Ezequiel Garay
Eric Bailly
Sami Khedira
Mateo Kovačić
Daniel James
Juan Sebastián Verón
Teddy Sheringham
Federico Bernardeschi
Costinha
Edinson Cavani
Wes Brown
Dean Henderson
Achraf Hakimi
Theo Hernández
Gianluigi Buffon
Marco Asensio
Mario Mandžukić
Nawaf Al-Aqidi
Raúl González
Zinedine Zidane
Fabio Cannavaro
Alex Telles
Donny van de Beek
 
Answer Stats
Answer % Correct
Bastian Schweinsteiger
73%
Henrikh Mkhitaryan
45%
Zinedine Zidane
45%
Teddy Sheringham
27%
Daniel James
9%
Dean Henderson
9%
Juan Sebastián Verón
9%
No matching quizzes found
Score Distribution
Percent of People with Each Score
Percentile by Number Answered
Your Score History
You have not taken this quiz since the last reset